| 000 | 00574nam a22002051a 4500 | ||
|---|---|---|---|
| 001 | 2768 | ||
| 003 | OSt | ||
| 005 | 20260204211825.0 | ||
| 008 | 040324s1996||||xxu||||||b||||||||||spa|| | ||
| 020 | _a9562780082 | ||
| 050 | _a658.404 B761a | ||
| 082 | _a658.404 B761a | ||
| 100 | _aBriceño L., Pedro | ||
| 245 | _aAdministración y dirección de proyectos: un enfoque integrado / Pedro Briceño L. | ||
| 264 | _aEstados Unidos de América : McGraw-Hill | ||
| 300 | _a247 p. | ||
| 500 | _aIncluye indice | ||
| 650 | _a1.Administración de ProyectosÌ | ||
| 942 |
_2ddc _cBK |
||
| 999 |
_c2768 _d2768 |
||